| 000 | 01154cam a2200301 a 4500 | ||
|---|---|---|---|
| 001 | 17365842 | ||
| 003 | OSt | ||
| 005 | 20230919134002.0 | ||
| 008 | 120628s2012 enk b 001 0 eng | ||
| 010 | _a 2012374872 | ||
| 020 | _a9780745331287 (hbk.) | ||
| 040 |
_aDLC _cDLC _dDLC |
||
| 042 | _apcc | ||
| 043 | _aa-iq--- | ||
| 050 | 0 | 0 |
_aDS70.8.K8 _bY54 2012 |
| 082 |
_a320.95672 _bYIL/F |
||
| 100 | 1 |
_aYildiz, Kerim _99524 |
|
| 245 | 1 | 4 |
_aThe future of Kurdistan : _bthe Iraqi dilemma / _cKerim Yildiz. |
| 260 |
_aLondon ; _aNew York : _bPluto Press ; _aNew York : _bDistributed in the United States of America exclusively by Palgrave Macmillan, _c2012. |
||
| 300 |
_aviii, 159 p. ; _c23 cm. |
||
| 504 | _aIncludes bibliographical references (p. 135-152) and index. | ||
| 650 | 0 |
_aKurds _zIraq _xPolitics and government _y21st century. |
|
| 650 | 0 |
_aNationalism _zIraq _zKurdistān. |
|
| 651 | 0 |
_aKurdistān (Iraq) _xPolitics and government _y21st century. |
|
| 906 |
_a7 _bcbc _corignew _d2 _encip _f20 _gy-gencatlg |
||
| 942 |
_2ddc _cBK _h320.95672 _iYIL/F _k320.95672 _mYIL/F |
||
| 999 |
_c42282 _d42282 |
||